000
00222 a2200097 4500
001
52011
100
_a
Hamood-ur-Rehman
245
_a
Reflections of Islam
260
_a
_b
Islamic Book Foundation
_c
090
_c
32818
_d
32818
942
_a
NUST-CAE
_c
M
_c
25356
999
_c
287084
_d
287084